Harry Potter - Quelle maison ????? - Statistiques

Statistiques générales
  • Ce quiz a été pris 14 fois
  • Le résultat moyen est 11 sur 15
Statistiques - réponses
Question Réponse % Correct
Percy Weasley
92%
Hannah Abbot
92%
Lavande Brown
83%
Blaise Zabini
83%
Marcus Flint
83%
Cho Chang
83%
Colin Crivey
83%
Marietta Edgecombe
75%
Peter Pettigrow
75%
Lee Jordan
75%
Cormac Mclaggen
75%
Pansy Parkinson
75%
Padma Patil
67%
Zacharias Smith
42%
Adrian Pucey
25%
Aucun quiz correspondant
Distribution des résultats
% des personnes avec chaque résultat
Percentile par nombre de réponses
Votre historique - résultats
Vous n’avez pas pris ce quiz